000 00523nam a2200193Ia 4500
003 GCL
008 140319s9999 xx 000 0 eng d
040 _aGCL /
_cGCL
082 0 4 _a759
_bB J
100 1 _aBAUDAILLE, GEORGES
245 1 0 _aJEAN- AUGUSTE- DOMINQUE INGRES /
_cBAUDAILLE, GEORGES
260 _a[S.N] :
_bEDITIONS DE VERGEURES ،
_c1981
300 _a56 P
490 _aL'ECOLE DES GRANDS PEINTRES
_v0
650 0 4 _aPAINTING
650 0 4 _aJEAN - AUGUSTE
650 0 4 _aDOMINIQUE - INGRES
942 _2ddc
_cBK
999 _c20359
_d20359